Sociálne siete a ochrana osobnosti
Ochrana osobnosti v slovenskom právnom poriadku. Špecifické vlastnosti internetu a sociálne siete. Autorské práva a legislatívne aspekty ochrany osobnosti. Občiansky zákonník a občianskoprávna ochrana v prípade neoprávneného zásahu do osobnosti fyzickej osoby.
Na minha lista:
| Autor principal: | |
|---|---|
| Formato: | Capítulo de Livro |
| Idioma: | eslovaco |
| Assuntos: | |
| Tags: |
Sem tags, seja o primeiro a adicionar uma tag!
|
MARC
| LEADER | 00000naa a2200000 4500 | ||
|---|---|---|---|
| 001 | 0223755 | ||
| 005 | 20221019163438.4 | ||
| 041 | 0 | |a slo | |
| 044 | |a SK | ||
| 245 | 1 | 0 | |a Sociálne siete a ochrana osobnosti |c Jakub Pavčík |
| 520 | |a Ochrana osobnosti v slovenskom právnom poriadku. Špecifické vlastnosti internetu a sociálne siete. Autorské práva a legislatívne aspekty ochrany osobnosti. Občiansky zákonník a občianskoprávna ochrana v prípade neoprávneného zásahu do osobnosti fyzickej osoby. | ||
| 610 | 2 | 0 | |a ochrana osobnosti |
| 610 | 2 | 0 | |a ochrana autorstva |
| 610 | 2 | 0 | |a siete sociálne |
| 610 | 2 | 0 | |a právo občianske |
| 610 | 2 | 0 | |a osoby fyzické |
| 610 | 2 | 0 | |a ochrana práv občanov |
| 610 | 2 | 0 | |a zákonník občiansky |
| 100 | 1 | |a Pavčík, Jakub | |